Adam Sandler Movies by Picture - Statistics

General Stats
  • This quiz has been taken 125 times
  • The average score is 11 of 16
Answer Stats
Picture Answer % Correct
Happy Gilmore
92%
Grown Ups
91%
The Waterboy
86%
Billy Madison
85%
Hotel Transylvania
85%
50 First Dates
81%
Big Daddy
77%
Murder Mystery
76%
The Wedding Singer
75%
The Longest Yard
67%
Jack and Jill
61%
Anger Management
52%
I Now Pronounce You Chuck and Larry
52%
Uncut Gems
42%
Hustle
40%
8 Crazy Nights
34%
No matching quizzes found
Score Distribution
Percent of People with Each Score
Percentile by Number Answered
Your Score History
You have not taken this quiz